000 00930nam a2200241 a 4500
001 41635
003 BD-RjUL
005 20211209053426.0
008 160604s1979 b ||||| |||| 00| f ben d
020 _c: Tk. 14.00
035 _a(BD-RjUL)41753
040 _aBD-RjUL
_bben
_cBD-RjUL
041 _aben
082 _223
_a891.44309
_bKAB 1979
100 _aকরিম, খন্দকার রেজাউল
_9127897
245 1 0 _aবাংলা উপন্যাসে বিধবা /
_cখন্দকার রেজাউল করিম
260 _aঢাকা :
_bমুক্তধারা,
_c১৯৭৯
300 _a১৬১ পৃ. ;
_c২৩ সেমি.
490 _aমুক্তধারা ;
_v৫৪৪
650 _aবাংলা উপন্যাস
_xইতিহাস ও সমালোচনা
_9120092
650 _aBengali Fiction
_xHistory and Criticism
_9118845
942 _2ddc
_cBK
999 _c41635
_d41635